| 000 | 00786nam a2200241 a 4500 | ||
|---|---|---|---|
| 001 | BRCA_2252 | ||
| 005 | 20190320203730.0 | ||
| 008 | 290705s2003----sp-a---###---#000-0#spa-d | ||
| 020 | _a8477829969 | ||
| 040 | _aDLC | ||
| 041 | _aspa | ||
| 044 | _asp | ||
| 050 | 4 |
_aND813.R5 _b.J87 2003 |
|
| 245 | 1 | 0 |
_aJusepe de Ribera el Españoleto _ccoordinación del catálogo Sandra Benito Vélez, Rocío Guerrero Mondoño. |
| 260 |
_aBarcelona _bLunwerg Editores _c2003 |
||
| 300 |
_a195 p. _bil. a color _c33 cm. |
||
| 500 | _aIncluye índice de obras y cronología | ||
| 500 | _aIncluye piezas de la colección Franz Mayer: p. 163 | ||
| 600 | 1 | 4 |
_aRibera, José de _d1591-1652 _96760 |
| 700 | 1 |
_aBenito Vélez, Sandra _96761 |
|
| 700 | 1 |
_aGuerrero Mondoño, Rocío _96762 |
|
| 942 |
_2lcc _cB |
||
| 999 |
_c2001 _d2001 |
||